| 000 | 02341cam a22003011i 4500 | ||
|---|---|---|---|
| 003 | SA-RiAUC | ||
| 005 | 20240904153853.0 | ||
| 008 | 240902s2007 su f 000 0 ara c | ||
| 040 |
_aSA-RiIMS _bara _cSA-RiAUC _erda |
||
| 082 | 0 | 0 |
_a330. 121 _bخ ا ا |
| 082 | 0 | 4 | _a214.3326322 |
| 100 |
_aالخليل، أحمد بن محمد بن حسن، _d1389 هجري _eمؤلف. _970 |
||
| 245 | 1 | 2 |
_aالأسهم والسندات وأحكامها في الفقه الإسلامي / _cالخليل. أحمد بن محمد |
| 250 | _aالطبعة الثانية. | ||
| 264 | 1 |
_aالدمام، السعودية : _bدار ابن الجوزي للنشر والتوزيع، _c2007 |
|
| 300 |
_a432 صفحة ؛ _c24 سم. |
||
| 336 |
_aنص _btxt _2rdacontent _3كتاب |
||
| 337 |
_aبدون وسيط _bn _2rdamedia |
||
| 338 |
_aمجلد _bnc _2rdacarrier |
||
| 490 | 0 |
_aرسائل جامعية ؛ _v32 |
|
| 500 | _aالأصل أطروحة دكتوراه-جامعة الإمام محمد بن سعود الإسلامية. | ||
| 650 | 0 |
_aالأسهم (فقه إسلامي) _2aucsh _971 |
|
| 650 | 0 |
_aالسندات (فقه إسلامي) _2aucsh _972 |
|
| 856 |
_uhttp://saaid.net/book/open.php?cat=102&book=4704 _yExternal Link _2 نرجو الانتباه لإمكانية وجود اختلاف في الطبعة أو الناشر بين البيانات على البوابة وما ستجده على الكتاب نظرا لمحدودية المعلومات المتاحة على الموقع الناشر للمادة. _3Please note that there may be a difference in the edition or publisher between the data on the portal and the book due to the limited information available on the publisher website for the material. |
||
| 856 |
_uhttp://saaid.net/book/10/3391.rar _yDigital Copy _2 نرجو الانتباه لإمكانية وجود اختلاف في الطبعة أو الناشر بين البيانات على البوابة وما ستجده على الكتاب نظرا لمحدودية المعلومات المتاحة على الموقع الناشر للمادة. _3Please note that there may be a difference in the edition or publisher between the data on the portal and the book due to the limited information available on the publisher website for the material. |
||
| 942 |
_2ddc _cBOOK |
||
| 949 |
_aSA-JeALM _d240902 _ukhaled123 _n1 |
||
| 999 |
_c48 _d48 |
||